[Event "Titled Tuesday intern op 22nd Nov Late"]
[Site "Chess.com INT"]
[Date "2022.11.22"]
[Round "5"]
[White "Brown, Andrew"]
[Black "Toniutti, Ezio"]
[Result "0-1"]
[WhiteElo "2279"]
[BlackElo "2238"]
[PlyCount "70"]
[EventDate "2022.11.22"]
[EventType "swiss (blitz)"]
[EventRounds "11"]
[EventCountry "USA"]
[SourceTitle "CBM 211 Extra"]
[Source "ChessBase"]
[SourceDate "2023.01.31"]
[SourceVersion "1"]
[SourceVersionDate "2023.01.31"]
[SourceQuality "1"]

1. d4 d5 2. c4 c6 3. Nc3 Nf6 4. g3 a6 5. Bg2 g6 6. Nh3 Bg7 7. cxd5 cxd5 8. Nf4 e6 9. h4 h5 10. 0-0 Nc6 11. b3 0-0 12. Ba3 Re8 13. e3 b5 14. Bc5 Bb7 15. Nd3 Rc8 16. a4 bxa4 17. b4 Nd7 18. Nxa4 Ncb8 19. Qb3 Bc6 20. Rfc1 Bb5 21. Bf1 Nc6 22. Nf4 Bxf1 23. Kxf1 Qc7 24. Qd3 Qb7 25. Rcb1 Na7 26. Nc3 e5 27. Nfxd5 exd4 28. exd4 Nb5 29. Nxb5 Qxd5 30. Kg1 axb5 31. Qxb5 Nf6 32. Ra7 Ng4 33. Qd3 Rcd8 34. Qb3 Qf5 35. Rd1 Qxf2+ 0-1

[Event "Titled Tuesday intern op 22nd Nov Late"]
[Site "Chess.com INT"]
[Date "2022.11.22"]
[Round "3"]
[White "Machidon, Cristi"]
[Black "Brown, Andrew"]
[Result "1-0"]
[WhiteElo "2278"]
[BlackElo "2279"]
[PlyCount "81"]
[EventDate "2022.11.22"]
[EventType "swiss (blitz)"]
[EventRounds "11"]
[EventCountry "USA"]
[SourceTitle "CBM 211 Extra"]
[Source "ChessBase"]
[SourceDate "2023.01.31"]
[SourceVersion "1"]
[SourceVersionDate "2023.01.31"]
[SourceQuality "1"]

1. d4 g6 2. e4 Bg7 3. Nc3 c6 4. Be3 d5 5. Qd2 dxe4 6. Nxe4 Nf6 7. Nxf6+ exf6 8. 0-0-0 Be6 9. Kb1 0-0 10. h4 h5 11. Ne2 a5 12. Nf4 Bf5 13. f3 Na6 14. Bd3 Bxd3 15. Qxd3 Nb4 16. Qb3 Nd5 17. Nxd5 Qxd5 18. Qxd5 cxd5 19. Bf4 Rfe8 20. Rhe1 f5 21. c3 Re6 22. Kc2 b5 23. Kd3 Rae8 24. Re3 f6 25. b3 Kh7 26. Rc1 Bh6 27. Bxh6 Kxh6 28. Rxe6 Rxe6 29. c4 bxc4+ 30. bxc4 dxc4+ 31. Rxc4 f4 32. d5 Re3+ 33. Kd4 Re2 34. d6 Rxa2 35. Kd5 Rd2+ 36. Rd4 Rb2 37. d7 Rb8 38. Ke6 g5 39. d8Q Rxd8 40. Rxd8 gxh4 41. Kxf6 1-0

[Event "Titled Tuesday intern op 15th Nov Late"]
[Site "Chess.com INT"]
[Date "2022.11.15"]
[Round "9"]
[White "Szyszylo, Rafal"]
[Black "Brown, Andrew"]
[Result "0-1"]
[WhiteElo "2087"]
[BlackElo "2279"]
[PlyCount "46"]
[EventDate "2022.11.15"]
[EventType "swiss (blitz)"]
[EventRounds "11"]
[EventCountry "USA"]
[SourceTitle "CBM 211 Extra"]
[Source "ChessBase"]
[SourceDate "2023.01.31"]
[SourceVersion "1"]
[SourceVersionDate "2023.01.31"]
[SourceQuality "1"]

1. e4 g6 2. d4 Bg7 3. Nc3 c6 4. Nf3 d5 5. h3 dxe4 6. Nxe4 Nf6 7. Nxf6+ exf6 8. Bc4 Qe7+ 9. Be3 Qb4+ 10. Nd2 Qxb2 11. 0-0 0-0 12. Rb1 Qa3 13. Qf3 Nd7 14. Ne4 f5 15. Ng5 h6 16. Nxf7 Rxf7 17. Qg3 g5 18. Qc7 f4 19. Bc1 Qf8 20. Re1 Nb6 21. Bxf7+ Qxf7 22. Qd8+ Bf8 23. Ba3 Bf5 0-1